00341nam a2200145Ia 4500008004100000020001500041041001200056082001100068100001600079245004400095250000800139260002500147300000800172650001500180221030s9999 xx 000 0 und d a0070153361 aEnglish a105.23 aS. Gurusamy 0aIndian Financial Systemcby S. Gurusamy a2nd bTMHaNew Delhic2009 a624 aManagement